Daně v zahraničněobchodní činnosti podnikatelů.

Nové formy daní v ČSFR na základe zákona 105/1990 Zb. o súkromnom podnikaní občanov. Zdanenie a sadzba dane pri dôchodkovej dani, dane z objemu miezd, dane zaplatené v cudzine a dane z obratu (pridanej hodnoty). Zdaňovanie v cudzine a formy daní.

Salvato in:
Dettagli Bibliografici
Autore principale: Aleš, Jan
Natura: Capitolo di libro
Lingua:ceco
Soggetti:
Tags: Aggiungi Tag
Nessun Tag, puoi essere il primo ad aggiungerne!!

MARC

LEADER 00000naa a2200000 4500
001 r003391
005 20221125081134.2
041 0 |a cze 
044 |a [CS] 
245 1 0 |a Daně v zahraničněobchodní činnosti podnikatelů.  |c Jan Aleš 
520 |a Nové formy daní v ČSFR na základe zákona 105/1990 Zb. o súkromnom podnikaní občanov. Zdanenie a sadzba dane pri dôchodkovej dani, dane z objemu miezd, dane zaplatené v cudzine a dane z obratu (pridanej hodnoty). Zdaňovanie v cudzine a formy daní. 
610 2 0 |a dane dôchodkové 
610 2 0 |a dane z hodnoty pridanej 
610 2 0 |a dane z objemu miezd 
610 2 0 |a podnikanie súkromné 
610 2 0 |a obchod zahraničný 
610 2 0 |a ČSFR 
610 2 0 |a zákony 
610 2 0 |a 1990 
100 1 |a Aleš, Jan